Zostavenie modelu zdrojov tepla a rozvodov v sústave centrálnych zdrojov tepla

Gespeichert in:
Bibliographische Detailangaben
1. Verfasser: Franc, Patrik (Verfasst von)
Weitere Verfasser: Labovská, Zuzana (Betreuung Doktorarbeit)
Format: Manuskript Buch
Sprache:Slowakisch
Veröffentlicht: 2025
Schlagworte:
Online-Zugang:http://is.stuba.sk/zp/portal_zp.pl?podrobnosti=183407
Tags: Tag hinzufügen
Keine Tags, Fügen Sie das erste Tag hinzu!

MARC

LEADER 00000ntm a22000003a 4500
001 stuzp105116
003 SK-STU
005 20250607211142.2
007 ta
008 150427s2015----xo-----f-mn---000-0-slo-d
040 |a STU  |b slo 
041 0 |a slo 
100 1 |a Franc, Patrik  |u 046230  |4 aut  |U FCHPT Ústav chemického a environmentálneho inžinierstva  |T FCHPT Oddelenie chemického a biochemického inžinierstva  |X 110662  |U C6230  |Y 119  |7 110662 
242 0 1 |a Building a model of heat sources and distribution in a central heat source system  |y eng 
245 1 0 |a Zostavenie modelu zdrojov tepla a rozvodov v sústave centrálnych zdrojov tepla 
260 |c 2025 
650 4 |a optimization  |2 eng 
650 4 |a analysis  |2 eng 
650 4 |a mathematical modeling  |2 eng 
650 4 |a heat losses  |2 eng 
650 4 |a source sequencing  |2 eng 
650 4 |a radenie zdrojov  |2 slo 
650 4 |a optimalizácia  |2 slo 
650 4 |a analýza  |2 slo 
650 4 |a matematické modelovanie  |2 slo 
650 4 |a tepelné straty  |2 slo 
700 1 |a Labovská, Zuzana  |u 046230  |k Z1  |4 ths  |U FCHPT Ústav chemického a environmentálneho inžinierstva  |T FCHPT Oddelenie chemického a biochemického inžinierstva  |X 10276  |U C6230  |Y 119  |7 A000010276 
856 4 |u http://is.stuba.sk/zp/portal_zp.pl?podrobnosti=183407